000 00571nam a2200217Ia 4500
008 101110s9999 xx 000 0 und d
041 _aENGLISH
082 _bSR29428
100 _aSherlekar S.A.
245 _aGlobal dharmic management [new effective]
260 _c2005
_bHimalaya publishing house
300 _a201
365 _b190
520 _aCommerce
546 _aENGLISH
630 _aGlobal dharmic management [new effective]
650 _aCommerce
655 _aCommerce
730 _aGlobal dharmic management [new effective]
942 _cBOOK
999 _c821939
_d821936